|
|
|
|
| LEADER |
01192nam a2200253 a 4500 |
| 001 |
GR-MES9204 |
| 008 |
040624s1980 gr b 000 0 gre d |
| 020 |
|
|
|a 9602750405
|
| 040 |
|
|
|a GrPaTEI
|b gre
|c GR-PaULI
|
| 040 |
|
|
|a GrPaTEI
|b gre
|c GR-PaULI
|
| 040 |
|
|
|a GrPaTEI
|b gre
|c GR-PaULI
|
| 100 |
1 |
|
|a ΤΖΑΙΗΜΣ, Μ
|
| 245 |
1 |
0 |
|a Γεννήθηκες για να κερδίσεις :
|b Συναλλακτική ανάλυση με πειράματα Γκεστάλτ /
|c Μούριελ Τζαίμς / Ντόρυθυ Τζάνκγουώρντ ; Μαρίνα Λώμη.
|
| 260 |
|
|
|a Αθήνα :
|b Γλάρος,
|c 1980
|
| 300 |
|
|
|a 318 σελ. :
|b εικ. ;
|c 21 εκ.
|
| 490 |
0 |
|
|a ΨΥΧΑΝΑΛΥΣΗ-ΨΥΧΟΘΕΡΑΠΕΙΑ. 1
|
| 504 |
|
|
|a Περιλαμβάνει βιβλιογραφία.
|
| 650 |
|
4 |
|a Ψυχανάλυση
|
| 700 |
1 |
|
|a Λώμη, Μαρίνα
|
| 700 |
1 |
|
|a ΤΖΑΝΚΓΟΥΩΡΝΤ, Ν.
|
| 942 |
|
|
|2 ddc
|
| 952 |
|
|
|0 0
|1 0
|2 ddc
|4 0
|6 150_190000000000000_ΤΖΑ
|7 0
|9 279506
|a MSLG
|b MSLG
|c BSC
|d 2021-01-17
|e 24
|f 0
|g 0.00
|l 0
|o 150.19 ΤΖΑ
|p 2420000010381
|r 2021-01-17 00:00:00
|t 1
|w 2021-01-17
|y BK15
|x 20040624 0 1
|x GrPaTEI
|
| 971 |
|
|
|a .b25876740
|b 15-04-20
|c 14-09-16
|
| 999 |
|
|
|c 162898
|d 162898
|